| 000 | 01286nam a22002897a 4500 | ||
|---|---|---|---|
| 999 |
_c28138 _d28109 |
||
| 003 | EG-ScBUE | ||
| 005 | 20200218110901.0 | ||
| 008 | 200218s2016 ii f b 001 0 eng d | ||
| 020 | _a9789350567227 | ||
| 020 | _a9350567229 | ||
| 040 |
_aEG-ScBUE _beng _erda _cEG-ScBUE _dEG-ScBUE |
||
| 082 | 0 | 4 |
_a540 _bISH _222 |
| 100 | 1 |
_aIshaq, Fouzia, _eauthor. |
|
| 245 | 1 | 0 |
_aFundamentals of environmental chemistry / _cby Dr. Fouzia Ishaq, principal investigator, DST Project (Dept. of Science and Technology), Women Scientist Scheme (WOS-A), Dept. of Zoology & Environmental Science, Gurukula Kangri University, Haridwar (Uttarakhand) (India), Dr. Amir Khan, senior assistant professor, Glocal School of Life Sciences, The Glocal University (GU), Mirzapur Pol, Saharanpur-247 001 (U. P.) (India). |
| 264 | 1 |
_aNew Delhi, India : _bDiscovery Publishing House Pvt. Ltd., _c2016. |
|
| 300 |
_a380 pages ; _c24 cm |
||
| 336 |
_2rdacontent _atext _btxt |
||
| 337 |
_2rdamedia _aunmediated _bn |
||
| 338 |
_2rdacarrier _avolume _bnc |
||
| 504 | _aIncludes bibliographical references and index. | ||
| 650 | 7 |
_aEnvironmental chemistry. _2BUEsh |
|
| 653 |
_bPPhrm _cFebruary2020 |
||
| 655 |
_vReading book _934232 |
||
| 700 | 1 |
_aKhan, Amir, _eauthor. |
|
| 942 |
_2ddc _cBB |
||